[Event "Moscow-ch Men 2019"]
[Site "Moscow"]
[Date "2019.03.30"]
[Round "1.9"]
[White "Yeletsky, Ivan"]
[Black "Trofimovsky, Alexander"]
[Result "1/2-1/2"]
[WhiteElo "2409"]
[BlackElo "2033"]
[Annotator "TA"]
[PlyCount "93"]
[EventDate "2019.03.30"]
[EventType "swiss"]
[EventCountry "RUS"]
[SourceTitle "playchess.com"]
[Source "ChessBase"]
[SourceQuality "1"]

{[%evp 22,93,82,74,52,20,27,23,33,-18,-17,0,43,-57,0,0,8,20,15,11,0,0,112,104,105,110,100,104,93,75,93,0,0,0,18,0,0,0,0,0,0,0,0,0,0,0,26,0,0,0,0,0,0,-25,-1,-8,0,0,0,-8,0,0,0,0,0,0,0,0,0,0,0,0,0,0]} 1. e4 c5 2. Nf3 d6 3. d4 cxd4 4. Nxd4 Nf6 5. Nc3 a6 6. f3 e6 7. Be3 Nbd7 {B80: Sicilian Scheveningen: 6 g3 and 6 Be3, including English Attack} (7... b5 8. a3 h5 9. Be2 Nbd7 10. O-O Bb7 11. Qe1 Be7 12. a4 b4 13. Na2 a5 14. c3 bxc3 15. Nxc3 O-O {½-½ (31) Saric,I (2692)-Wojtaszek,R (2749) Germany 2019}) 8. g4 h6 9. Qd2 Qc7 10. O-O-O b5 11. h4 b4 {[#]} 12. Na4 $1 {LiveBook: 8 Games} d5 13. Be2 $146 {And now g5 would win.} ({Predecessor:} 13. Bh3 g5 14. hxg5 hxg5 15. Bxg5 dxe4 16. Bf4 Qa5 17. b3 Nd5 18. Bg2 Rxh1 19. Rxh1 {0-1 (48) Matsuura,E (2479)-Vescovi,G (2629) Belo Horizonte 2010}) 13... dxe4 14. g5 Nd5 15. fxe4 (15. g6 $1 $14 N7f6 16. Rhf1) 15... Nxe3 $11 16. Qxe3 {Threatens to win with g6!} Ne5 17. Nf3 (17. g6 $1 $14) 17... Bd7 (17... Nxf3 $1 $15 18. Qxf3 hxg5 19. hxg5 Rxh1 {[%mdl 64] Overworked Piece} 20. Rxh1 Bd7) 18. Qb6 Rc8 {[%csl Gc8][%cal Rc7c2]} 19. Qxc7 Rxc7 20. Nxe5 Bxa4 21. b3 Bb5 (21... Bc6 $1 $11 22. g6 (22. Nxc6 Rxc6 23. g6 fxg6 $11) 22... f6 23. Nxc6 Rxc6) 22. Bxb5+ $16 axb5 {[#]} 23. g6 $1 {[%cal Rg6f7]} fxg6 24. Nxg6 Rg8 25. Rh3 Bc5 26. Rhd3 (26. h5 $16) 26... Kf7 $11 27. h5 Rgc8 28. Rd7+ Rxd7 29. Rxd7+ {[%mdl 4096] Endgame KRB-KRN} Kf6 30. Kd2 e5 31. Rd5 Bd4 32. Rxb5 Bc3+ 33. Kd3 Ra8 34. Rb6+ Kg5 35. Rb7 Kxh5 36. Rxg7 Rxa2 37. Nf8 Ra1 38. Nd7 {The position is equal.} Rd1+ 39. Ke2 Rd2+ 40. Kf3 Rxc2 41. Nf6+ Kh4 42. Rg4+ Kh3 43. Rg3+ Kh4 44. Rg4+ Kh3 45. Rg3+ Kh4 46. Rg4+ Kh3 47. Rg3+ {Accuracy: White = 56%, Black = 47%.} 1/2-1/2

[Event "Moscow-ch Men 2019"]
[Site "Moscow"]
[Date "2019.03.30"]
[Round "1.10"]
[White "Fedorov, Nikita"]
[Black "Dvalishvili, Pavel S."]
[Result "0-1"]
[WhiteElo "2030"]
[BlackElo "2407"]
[Annotator "TA"]
[PlyCount "164"]
[EventDate "2019.03.30"]
[EventType "swiss"]
[EventCountry "RUS"]
[SourceTitle "playchess.com"]
[Source "ChessBase"]
[SourceQuality "1"]

{[%evp 25,164,0,0,-3,0,0,0,-13,-10,-8,-11,-14,-15,-36,-18,-19,0,-12,-12,-19,-14,-100,-100,-93,-41,-45,-47,-47,-45,-43,-39,-41,-42,-47,-46,-73,-61,-121,-108,-134,-135,-129,-89,-82,-73,-68,-62,-69,-66,-70,-72,-105,-106,-184,-164,-183,-119,-107,0,-41,-54,-45,-51,-220,-143,-140,-140,-257,-251,-221,-220,-225,-202,-171,0,-379,-292,-247,-250,-217,-247,-239,-229,-385,-390,-477,-467,-564,-409,-406,-352,-343,-356,-314,-261,-331,-308,-236,-110,-110,-110,-110,0,-110,-110,-110,-70,-70,-70,-70,-70,-916,-893,-4463,-3471,-5085,-5146,-5089,-4323,-29964,-29966,-29966,-29966,-29967,-29969,-29967,-29970,-29966,-29961,-29975,-29976,-29978,-29979,-29979,-29980,-29984,-29985,-29985,-29986,-29988,-29989]} 1. e4 c5 2. Nf3 d6 3. Bb5+ Bd7 4. Bxd7+ Nxd7 5. O-O Ngf6 6. Re1 e6 7. c3 Be7 8. d4 cxd4 9. cxd4 d5 10. e5 Ne4 11. Nbd2 Nxd2 12. Bxd2 O-O 13. Qb3 {B52: Sicilian: Moscow Variation with 3...Bd7} (13. Rc1 Qb6 14. Qc2 Nb8 15. Qc7 Bd8 16. Qxb6 Bxb6 17. Bb4 Re8 18. Bc5 Nc6 19. b4 Rec8 20. a4 Bxc5 21. bxc5 {½-½ (70) Kosteniuk,A (2555)-Kozul,Z (2613) Tallinn 2016}) 13... Qb6 {LiveBook: 7 Games} 14. Rec1 Rfc8 15. Qa4 {The position is equal.} Rc6 16. Rc2 $146 ({Predecessor:} 16. Rxc6 Qxc6 17. Qxc6 bxc6 18. Rc1 c5 19. b3 Bf8 20. Be3 cxd4 21. Bxd4 {1-0 (42) Pavasovic,D (2285)-Lopez,W Bratislava 1993}) 16... Rac8 17. Rac1 Nb8 18. Rxc6 Rxc6 19. Rxc6 Nxc6 20. Bc3 h5 21. Qd1 Qa6 22. a3 Qc4 {next ...Bxa3! is good for Black.} 23. Nd2 (23. Qc2 $11) 23... Qd3 $17 24. Qb1 Qe2 (24... Qxb1+ $17 25. Nxb1 f6) 25. Nf3 $15 g5 26. Qe1 Qc2 27. Qd2 Qb1+ 28. Qe1 Qf5 29. Qd1 b5 30. Ne1 a5 {[%cal Ba7a5,Ba5b4][%mdl 32]} 31. Nc2 ({White should play} 31. Kf1 $15) 31... b4 $17 32. axb4 axb4 33. Be1 g4 34. b3 Qe4 35. f3 gxf3 36. gxf3 Qf5 37. Bf2 $1 Bg5 38. Ne1 Qf4 39. Qd3 (39. Nc2 $17) 39... Qc1 $19 40. Kg2 Ne7 (40... Bd2 $19 41. Qc2 Qxc2 42. Nxc2 Bc3) 41. Qc2 $17 Nc6 ({Black should try} 41... Qa1 $17 {aiming for ...Nf5.} 42. h4 Be3 $1 {[%mdl 512]} 43. Bxe3 Qxe1) 42. Qxc1 (42. Qd3 {looks sharper.}) 42... Bxc1 $11 {[%mdl 4096] Endgame KBN-KBN} 43. Nd3 Bd2 44. Kf1 $2 (44. f4 $1 $15) 44... Bc3 45. f4 Kh7 (45... Nxd4 46. Bxd4 Bxd4 47. Nxb4 $15) 46. Ke2 (46. f5 $17 {was worth a try.}) 46... Kg6 $19 (46... Nxd4+ 47. Bxd4 Bxd4 48. Nxb4 $11) 47. Kf3 Kf5 (47... Nxd4+ 48. Bxd4 Bxd4 49. Nxb4 $11) 48. h3 Kg6 (48... Bxd4 49. Nxb4 Nxb4 50. Bxd4 $17) (48... Nxd4+ 49. Bxd4 Bxd4 50. Nxb4 $11) 49. Be3 {[#]} Kf5 $2 ({Don't play} 49... Bxd4 50. Nxb4 Nxb4 51. Bxd4 $11) (49... Nxd4+ 50. Bxd4 Bxd4 51. Nxb4 $11) (49... Ba1 $1 $19 50. Ke2 Kf5) 50. h4 $2 {[%mdl 8192]} (50. Bf2 $11) 50... Na5 51. Nc1 Be1 52. Nd3 Bxh4 53. Nxb4 Be7 ({Much less strong is} 53... Nxb3 54. Nc6 $17) 54. Nd3 $2 (54. Na2) 54... Nxb3 55. Ne1 h4 56. Nd3 Na5 57. Nf2 Nc6 58. Ng4 Bd8 59. Bf2 Kg6 60. Kg2 Bb6 61. Bxh4 Bxd4 ({But not} 61... Nxd4 62. Bf2) (61... Kf5 $19 {is more deadly.} 62. Kg3 Nxd4) 62. Kf3 $17 Bb2 {Hoping for ...Nd4+.} 63. Bf2 Bd4 (63... Bc3 $17 64. Ne3 Bd2) 64. Be1 (64. Bh4 $1 $11) 64... Bb6 (64... Bc5 {is more complex.} 65. Nf6 Nd4+ 66. Kg4 Nc2 67. Bd2 Na1) 65. Bc3 Ba5 66. Bxa5 Nxa5 $15 {KN-KN} 67. Ne3 Nb3 68. f5+ $2 {[%mdl 8192]} (68. Kg4 $15) 68... Kg5 $19 69. fxe6 fxe6 70. Kg3 Nd4 71. Kf2 Nc6 72. Nc2 Kf4 {Black mates.} 73. Ke2 Ke4 74. Ne3 Nxe5 75. Nd1 d4 76. Nf2+ Kd5 77. Kd2 Nc4+ 78. Ke2 e5 {[%cal Be6e5,Be5e4][%mdl 32]} 79. Nd3 e4 80. Nf2 Ne5 81. Nd1 d3+ 82. Kd2 Kd4 {Precision: White = 37%, Black = 69%.} 0-1

[Event "Moscow-ch Men 2019"]
[Site "Moscow"]
[Date "2019.03.30"]
[Round "1.11"]
[White "Dragomarezkij, Evgeni"]
[Black "Razumovskiy, Mikhail"]
[Result "1-0"]
[WhiteElo "2386"]
[BlackElo "2024"]
[Annotator "TA"]
[PlyCount "113"]
[EventDate "2019.03.30"]
[EventType "swiss"]
[EventCountry "RUS"]
[SourceTitle "playchess.com"]
[Source "ChessBase"]
[SourceQuality "1"]

{[%evp 21,113,26,25,-31,21,21,25,0,-17,-36,-32,-31,-31,-44,-19,-17,-19,-29,-19,-15,-14,-9,-10,-8,-14,-9,0,0,0,0,0,0,0,0,0,0,14,11,13,-106,-67,-69,37,-53,-33,-167,-166,-170,-168,-177,-68,-91,-88,-1213,-194,-177,0,-1077,0,-232,-227,-494,0,-103,-36,-36,-36,-65,-36,-36,0,0,0,-175,0,0,0,0,0,-27,-25,-12,0,0,0,0,0,0,423,369,29981,29982,29983,29984]} 1. c4 c6 2. Nf3 d5 3. e3 Nf6 4. Nc3 e6 5. d4 a6 6. Qc2 c5 7. cxd5 exd5 8. dxc5 {D45: Semi-Slav: 5 e3} (8. Be2 Nc6 9. O-O Be6 10. Ne5 Qc7 11. Nxc6 bxc6 12. e4 dxe4 13. Nxe4 Nxe4 14. Qxe4 Bd6 15. Bf3 O-O 16. Qxc6 Bxh2+ {1-0 (60) Mamedyarov,S (2817)-Shankland,S (2724) Germany 2019}) 8... Bxc5 9. Be2 O-O 10. O-O Nc6 11. Rd1 Ba7 {LiveBook: 6 Games} 12. Nd4 $146 (12. Qb3 $11) ({Predecessor:} 12. a3 Be6 13. b4 Rc8 14. b5 Nb8 15. Qb2 a5 {0-1 (70) Dlugy,M (2531)-Stripunsky,A (2564) San Diego 2006}) 12... Be6 (12... Qd6 $15) 13. Nxc6 $11 bxc6 14. Bxa6 Qd6 {And now ...Bb8 would win.} 15. Be2 Ng4 {[%mdl 1024] Black has compensation.} 16. g3 Qe5 17. Kg2 $1 Qf6 18. Rf1 $1 Rfd8 19. h3 Ne5 20. f4 Nc4 21. f5 $132 {[%mdl 2048] Black must now prevent Bxc4. White has counterplay} Bc8 22. Bxc4 dxc4 23. e4 Bb7 24. Bf4 Bd4 25. Rae1 c5 26. Kh2 $1 Bxc3 27. e5 {[#]} Bxe5 $1 {[%mdl 512]} 28. Bxe5 (28. Rxe5 Rxa2) 28... Qc6 29. f6 g6 30. a3 (30. Rf2 $1 $11 {remains equal.}) 30... Rd5 31. Bc3 Rh5 ({Black should play} 31... Rd6 $15) 32. Rf4 (32. Re7 $14) 32... Rd8 33. Qf2 (33. Rxc4 $15 Re8 34. Rxe8+ Qxe8 35. Qd3) 33... Rhd5 $1 $19 34. Qe2 Rd1 {( -> ...Qh1+!)} 35. Rff1 R1d3 (35... Rxe1 $1 $19 36. Rxe1 h5) 36. Rf2 h5 $1 37. Rf4 $2 {[%mdl 8192] [#]} (37. h4 $17) 37... Rd1 $2 (37... h4 $1 {[%mdl 512]} 38. gxh4 (38. Rxh4 Re3) 38... Re3 $1 {[%mdl 512]}) 38. Rff1 R1d3 $2 (38... Rxe1 $19 39. Rxe1 Kh7) 39. Qf2 $2 {[%mdl 8192] [#]} (39. Rf4 $11) 39... Qd6 $2 (39... h4 $1 $19 {[%mdl 512]} 40. Be5 (40. gxh4 Qc8) 40... Rd2) 40. Be5 $2 (40. Qf4 $1 $11 {and White has nothing to worry.}) 40... Qd5 {Strongly threatening ...Rd2.} 41. Bc3 $2 {[#]} (41. Bf4 {is the only way for White.}) 41... Qd6 $2 (41... h4 $1 $19 {[%mdl 512]} 42. gxh4 Qd7) 42. h4 (42. Be5 $11 {keeps the balance.} Qc6 43. Bf4) 42... Rf3 ({Black should try} 42... Qc6 $17) 43. Qxf3 $1 $15 Bxf3 44. Rxf3 Kf8 (44... Qc6 $5 {[%cal Rc6f3]} 45. Rfe3 Rd4 $1 $17 {[%mdl 512]}) 45. Rfe3 Qd5 46. a4 Qf5 {aiming for ...Qc2+.} 47. Kg2 $2 (47. a5 $11 {and White is okay.}) 47... Qd5+ $2 (47... Qc2+ $19 48. Kh1 Qxa4) 48. Kg1 $11 Kg8 49. a5 Qc6 50. Re4 Rd3 51. Kh2 Qc7 52. Re5 Qc6 53. Re8+ Kh7 54. R1e7 Qd5 $2 {[%mdl 8192] [#]} (54... Rd7 $1 $11) 55. Rf8 $1 $18 {[%cal Rf8f7]} g5 $2 (55... Rd2+ $18 56. Bxd2 Qxd2+ 57. Kh3 g5 58. Rfxf7+ (58. Rexf7+ Kh6 $11) 58... Kg6 59. Rg7+ Kxf6 60. hxg5+ Kf5) 56. Rexf7+ Kg6 57. Rg7+ {Accuracy: White = 45%, Black = 39%.} 1-0

[Event "Moscow-ch Men 2019"]
[Site "Moscow"]
[Date "2019.03.30"]
[Round "1.12"]
[White "Pavlov, Mark"]
[Black "Geivondian, Arman"]
[Result "0-1"]
[WhiteElo "1989"]
[BlackElo "2388"]
[Annotator "TA"]
[PlyCount "108"]
[EventDate "2019.03.30"]
[EventType "swiss"]
[EventCountry "RUS"]
[SourceTitle "playchess.com"]
[Source "ChessBase"]
[SourceQuality "1"]

{[%evp 25,108,75,69,7,15,0,7,0,0,0,8,8,20,12,14,7,24,20,17,12,31,0,25,64,297,291,286,281,276,290,280,283,282,264,437,433,418,453,585,19,20,14,9,0,3,10,8,0,0,0,0,0,0,0,0,0,0,0,0,0,0,0,0,0,0,0,0,0,0,-62,-77,-827,-840,-687,-872,-791,-623,-29965,-29966,-29974,-29975,-29975,-29976,-29963,-11733]} 1. d4 e6 2. Nf3 Nf6 3. e3 c5 4. Bd3 b6 5. O-O Bb7 6. c4 Be7 7. Nc3 cxd4 8. exd4 d5 9. cxd5 Nxd5 10. Bb5+ Bc6 11. Qa4 {E14: Queen's Indian: Classical Variation (4 e3)} Bxb5 (11... Qd7 12. Bxc6 Nxc6 13. Be3 Nxc3 14. bxc3 O-O 15. Rfd1 Rfd8 16. Rac1 Rac8 17. c4 Ne5 18. Qxd7 Nxf3+ 19. gxf3 Rxd7 {0-1 (40) Nakamura,H (2777)-So,W (2780) chess.com INT 2018}) 12. Qxb5+ Qd7 13. Nxd5 exd5 {LiveBook: 11 Games} 14. Qd3 (14. a4 $1 $14) 14... Nc6 15. Bf4 $146 ({Predecessor:} 15. Bg5 O-O 16. Bxe7 Nxe7 17. Ne5 Qf5 18. Qb3 Rfd8 19. Rac1 Ng6 20. Nxg6 hxg6 21. Rc7 Rd7 {½-½ (21) Galati,M (2149)-Schutt,R (2150) Guarapari 2012}) 15... O-O 16. Rac1 Rac8 17. a3 Qg4 18. Bg3 Bf6 {[%cal Rc6d4]} 19. h3 Qe4 20. Qa6 $1 {Black should prevent Bd6.} Qf5 ({Don't go for} 20... Bxd4 $2 21. Rfe1 $18) 21. Qa4 $36 {[%mdl 2048] White is more active.} Na5 22. Rxc8 Qxc8 23. Re1 Qc4 24. Qd7 a6 $2 ({Black should try} 24... Qc6 $14 25. Qxa7 Nb3) 25. Bd6 $18 {Hoping for Re8.} Qc8 26. Qa4 $1 Rd8 {[#]} 27. Bc7 $1 {[%cal Rc7d8,Bd6c7,Bc7b6,Bb6c5][%mdl 544]} Rf8 (27... Qxc7 28. Re8+) 28. Bxb6 Nc4 29. Bc5 Nxb2 $2 {[#]} (29... Rd8 30. Re2 Qb8) 30. Qb3 $1 Qb8 31. Qc2 Qc7 32. Qxb2 $2 (32. Qe2 $18 Be7 33. Bxe7) 32... Qxc5 $1 $11 33. Ne5 Qa5 34. Rb1 (34. Re3 {with more complications.} h6 35. Qb3 Qd8 36. Qb7 Qa5 37. g3) 34... Bxe5 35. dxe5 {[%mdl 4096] Endgame KQR-KQR} Re8 36. Qb4 (36. Rd1 {is interesting.} g5 37. g3 h6 38. Kh2 d4 39. Rxd4 Qxe5 40. h4) 36... Qxb4 37. Rxb4 {KR-KR} g5 38. Ra4 Re6 39. Ra5 Rxe5 40. Rxa6 Kf8 41. Kf1 Ke7 42. Ra4 Kd6 43. f4 gxf4 44. Rxf4 Re7 45. Rf2 Kc5 46. Re2 Ra7 47. Re3 (47. Rc2+ $11 Kd4 48. Ra2) 47... d4 $15 {[%cal Bd5d4,Bd4d3,Bd3d2][%mdl 32]} 48. Rf3 $2 {[%mdl 8192]} (48. Re8 $17) 48... Re7 $19 49. Rd3 Kc4 50. Rd1 d3 51. a4 Kc3 {Black mates.} 52. a5 d2 53. Ra1 Kb2 54. Rd1 Kc2 {Precision: White = 45%, Black = 67%.} 0-1

[Event "Moscow-ch Men 2019"]
[Site "Moscow"]
[Date "2019.03.30"]
[Round "1.13"]
[White "Tsoi, Dmitry"]
[Black "Khmelev, Mikhail"]
[Result "1-0"]
[WhiteElo "2340"]
[BlackElo "2011"]
[Annotator "TA"]
[PlyCount "99"]
[EventDate "2019.03.30"]
[EventType "swiss"]
[EventCountry "RUS"]
[SourceTitle "playchess.com"]
[Source "ChessBase"]
[SourceQuality "1"]

{[%evp 9,99,40,38,38,39,44,47,31,61,23,41,-77,-76,-69,-67,-82,-85,-81,-74,-108,-88,-89,-60,-109,-58,-51,-8,0,18,18,10,-55,-54,-43,-43,-51,-15,-31,-31,-91,0,-80,-73,-91,-68,-85,-40,-43,0,0,0,0,42,0,117,123,192,192,192,192,221,166,241,226,232,232,281,275,241,170,138,97,135,135,135,136,187,160,158,171,159,97,795,794,789,757,2375,2195,2004,1893,1172,1161]} 1. c4 e5 2. g3 Nc6 3. Bg2 Bc5 4. Nc3 a5 (4... a6 5. e3 d6 6. Nf3 Nf6 7. O-O O-O 8. h3 Ba7 9. d4 h6 10. dxe5 dxe5 11. Qxd8 Rxd8 12. b3 Be6 13. Ba3 Rd7 14. Rfd1 Rad8 15. Rxd7 Rxd7 {½-½ (41) Howell,D (2676)-Ponomariov,R (2694) Riadh 2017}) 5. e3 d6 6. Nge2 {A25: English Opening vs King's Indian with ...Nc6 but without early d3} Nf6 7. d4 Ba7 8. Nb5 $146 {White is slightly better.} ({Predecessor:} 8. h3 O-O 9. a3 Re8 10. d5 Ne7 11. O-O c6 12. Kh2 cxd5 13. cxd5 Bd7 14. Qd3 {1-0 (33) Vokac,M (2494)-Polak,T (2488) Czechia 1999}) 8... O-O 9. h3 Bf5 10. Bxc6 (10. Nxa7 $14 Rxa7 11. O-O) 10... bxc6 $17 11. Nxa7 Rxa7 12. f3 e4 13. f4 h5 14. Kf2 Qd7 15. Kg2 Rb8 16. Qc2 c5 (16... a4 $17) 17. Bd2 a4 18. Bc3 Qe6 19. d5 Qe7 20. Bxf6 (20. Kg1 $11) 20... Qxf6 $15 21. Nc3 Rb4 22. a3 Rbb7 23. Rab1 Rb3 24. Rhe1 (24. Qf2 $15) 24... Qe7 ({Better is} 24... Bd7 $1 $17) 25. Nd1 (25. Nxa4 $1 $11 {keeps the balance.} Bxh3+ {[%mdl 64] Decoy} 26. Kxh3 Qd7+ 27. Kg2 Qxa4 28. Qxe4) 25... Rab7 $17 26. Nf2 Qd7 27. Re2 Rd3 28. Rg1 Rbb3 29. Qc1 $1 Qc8 30. Kh2 Qd8 31. Rg2 h4 (31... Rb8 $11 {remains equal.}) 32. g4 $16 ({But not} 32. Nxd3 $6 exd3 33. Rd2 Be4 $11) 32... Bh7 (32... Bd7 $16 33. Nxd3 exd3) 33. Re1 $18 ({Don't play} 33. Nxd3 $6 exd3 34. Rd2 Be4 $14) 33... Qf6 34. Nxd3 exd3 35. e4 {e5 is the strong threat.} Qd4 (35... g5 $142) 36. f5 Qe5+ {[#]} 37. Kh1 $1 d2 38. Qxd2 Rxh3+ 39. Rh2 Qg3 40. Rg1 Qf3+ 41. Qg2 Rxh2+ 42. Kxh2 $16 {[%mdl 4096] Endgame KQR-KQB} Qf4+ 43. Kh1 {aiming for g5.} g5 44. Qe2 Kg7 45. Rf1 (45. Qd3 $142) 45... Qg3 $2 {[%mdl 8192] [#]} (45... Qe5 $16 46. Rf3 f6) 46. Qf3 $1 $18 {[%cal Rf3g3] White is clearly winning.} Qe5 47. Qc3 Qxc3 48. bxc3 Kf6 49. Kg2 Ke5 50. Kf3 {Accuracy: White = 50%, Black = 36%.} 1-0

[Event "Moscow-ch Men 2019"]
[Site "Moscow"]
[Date "2019.03.30"]
[Round "1.14"]
[White "Sekoyan, Vachagan"]
[Black "Savenkov, Konstantin"]
[Result "0-1"]
[WhiteElo "1994"]
[BlackElo "2373"]
[Annotator "TA"]
[PlyCount "50"]
[EventDate "2019.03.30"]
[EventType "swiss"]
[EventCountry "RUS"]
[SourceTitle "playchess.com"]
[Source "ChessBase"]
[SourceQuality "1"]

{[%evp 16,50,20,0,0,-59,-55,-126,-18,-14,21,18,0,-75,-73,-58,-66,-277,-268,-274,-281,-274,-268,-662,-675,-667,-675,-696,-691,-1131,-1122,-29995,-29996,-29996,-29997,-29997,-29992]} 1. d4 Nf6 2. c4 d6 3. Nc3 e5 4. e3 Nbd7 5. Nf3 g6 6. Be2 Bg7 7. O-O O-O 8. dxe5 dxe5 9. b3 Qe7 {E61: King's Indian: Early deviations for White, including Smyslov System} (9... e4 10. Nd4 a6 11. Bb2 c5 12. Nc2 Qe7 13. Na3 Ne5 14. Qc2 Bf5 15. Rad1 Rad8 16. Nab1 Nf3+ 17. Bxf3 exf3 18. Qc1 fxg2 19. Kxg2 Ne4 20. f4 Qh4 21. Rxd8 Rxd8 22. Qe1 Qg4+ 23. Kh1 Nxc3 {0-1 (23) Torres Ganuza,F (2109)-Paunovic,D (2427) San Sebastian 2016}) 10. Nb5 (10. e4 $11) 10... e4 $146 ({Predecessor:} 10... Nc5 11. Ba3 Bf5 12. Nh4 Be6 13. b4 Na6 14. Qb3 e4 15. Nd4 Nd7 16. g3 Bh3 17. Rfd1 {1-0 (65) Vunder,Y (2194)-Kostin,S (2298) St Petersburg 2004}) 11. Nfd4 ({Better is} 11. Nd2 $15) 11... Nc5 ({Black should play} 11... c5 $17 12. Nc2 Ne8) 12. Ba3 $11 Rd8 13. Qc2 Qe5 14. h3 (14. Nc3 $11 {keeps the balance.}) 14... c6 15. Nc3 Bf8 $1 $36 {[%mdl 2048] White is under pressure.} 16. Bc1 $2 ({White should try} 16. b4 $15 Bd6 17. g3) 16... Bd6 $19 {[%csl Gd6][%cal Re5h2] [#]} 17. f4 exf3 $1 18. Nxf3 Qg3 19. Kh1 $2 (19. Bd1 Bxh3 20. Qf2 Qxf2+ 21. Rxf2) 19... Bf5 20. Qb2 Nfe4 {[#] White must now prevent ...Ng5.} 21. Nxe4 Bxe4 22. Kg1 Bxf3 23. Rxf3 Qh2+ {Black mates.} 24. Kf2 Ne4+ 25. Ke1 Bb4+ {Accuracy: White = 28%, Black = 73%.} 0-1

[Event "Moscow-ch Men 2019"]
[Site "Moscow"]
[Date "2019.03.30"]
[Round "1.15"]
[White "Makarian, Rudik"]
[Black "Zaitsev, Vitaly"]
[Result "1-0"]
[WhiteElo "2354"]
[BlackElo "1968"]
[Annotator "TA"]
[PlyCount "105"]
[EventDate "2019.03.30"]
[EventType "swiss"]
[EventCountry "RUS"]
[SourceTitle "playchess.com"]
[Source "ChessBase"]
[SourceQuality "1"]

{[%evp 24,105,16,9,39,31,36,39,25,13,21,39,74,83,79,85,84,79,116,120,110,111,110,72,75,80,116,78,83,85,83,80,95,45,43,51,106,63,110,63,113,75,89,8,12,9,31,0,131,131,118,119,122,121,106,107,246,245,214,208,161,0,235,173,152,157,315,268,504,522,464,432,4694,3678,8498,6600,5704,5206,5065,4318,29964,5591,29971,29969]} 1. Nf3 Nf6 2. c4 e6 3. g3 b6 4. Bg2 Bb7 5. O-O Be7 6. d4 O-O 7. Re1 d5 8. cxd5 exd5 9. Nc3 Nbd7 {[%cal Bb8d7,Bd7c5,Bc5e4][%mdl 32]} 10. Bf4 c5 11. dxc5 Nxc5 12. Rc1 Nfe4 {E17: Queen's Indian: 4 g3 Bb7 5 Bg2 Be7} 13. Be5 {LiveBook: 45 Games} (13. Nb5 Ne6 14. Be5 Bc5 15. e3 Re8 16. a3 a5 17. h4 h6 18. Nd2 Nxd2 19. Qxd2 Qd7 20. Nd4 {½-½ (64) Jumabayev,R (2612)-Anton Guijarro,D (2666) Riadh 2017}) 13... Nxc3 14. Bxc3 Ne4 {White is slightly better.} 15. Bd4 Bb4 16. Rf1 Qe7 17. Ne5 $146 ({Predecessor:} 17. Qb3 Rac8 18. Bh3 Rxc1 19. Rxc1 {1-0 (40) Baskin,R (2329)-Voege,T (2178) Neustadt an der Weinstrasse 2018}) 17... Nd2 {[#]} 18. a3 $1 {[%cal Ra3b4]} Bd6 19. Qxd2 Bxe5 20. Qe3 Rfe8 21. Qxe5 Qxe5 22. Bxe5 Rxe5 23. e3 Re7 24. Rfd1 Rd8 25. Rd4 f5 26. Rcd1 Re5 27. h3 h5 28. g4 hxg4 29. hxg4 g6 (29... fxg4 $14 30. Rxg4 Kf7) 30. Kh2 Kg7 31. Kg3 Kf6 32. Rh1 {And now g5+! would win.} fxg4 33. Rxg4 (33. Rh7 $16 Re7 34. Rf4+ Ke6 35. Rh6) 33... Bc8 $11 34. Rf4+ Kg7 35. Rc1 {Black must now prevent Rc7+.} Re7 (35... Rg5+ $11 36. Kf3 Bf5) 36. Bxd5 $16 Rxd5 37. Rxc8 {[%mdl 4096] Endgame KRR-KRR} Rd2 38. Rc6 Rxb2 39. Rg4 Rf7 (39... Kf7 $16 {was necessary.}) 40. Rgxg6+ $18 Kh7 41. Rh6+ Kg7 {[#]} 42. Rhg6+ $2 ({Only move:} 42. Rcg6+ $1 $18 Kf8 43. Rh8+ Ke7 44. Ra8) 42... Kf8 $2 (42... Kh7 $1 $11) 43. Rgf6 Rxf6 44. Rxf6+ {KR-KR} Kg7 $2 (44... Ke8 $16) 45. Rc6 a5 $2 (45... Kh7 {was worth a try.} 46. Rc7+ Kg6 47. Rxa7 Kf5) 46. e4 Rb3+ 47. Kg4 Rxa3 (47... b5 $142 48. Rc5 a4) 48. Rxb6 a4 49. f4 Ra1 50. Kf5 a3 51. Rb7+ Kh6 52. Ra7 (52. e5 $142 Rd1 53. Ra7 Rd8 54. e6 Rf8+ 55. Ke5 Kg6 56. e7 Rb8 57. Ke6 Rb6+ 58. Kd7) 52... a2 53. e5 {Precision: White = 62%, Black = 22%.} 1-0

[Event "Moscow-ch Men 2019"]
[Site "Moscow"]
[Date "2019.03.30"]
[Round "1.17"]
[White "Gubajdullin, Alexei"]
[Black "Tarasov, Danila"]
[Result "1-0"]
[WhiteElo "2344"]
[BlackElo "1934"]
[Annotator "TA"]
[PlyCount "63"]
[EventDate "2019.03.30"]
[EventType "swiss"]
[EventCountry "RUS"]
[SourceTitle "playchess.com"]
[Source "ChessBase"]
[SourceQuality "1"]

{[%evp 9,63,-2,0,0,-14,-4,-4,-11,25,15,14,28,81,79,87,72,95,62,136,44,45,26,75,43,61,-12,-13,-13,175,174,186,170,170,168,163,152,304,241,284,252,308,305,750,769,752,721,685,555,534,464,1142,1088,1126,1108,1630,1172]} 1. d4 d5 2. Bf4 Nf6 3. e3 e6 4. Nd2 Be7 5. Bd3 (5. c3 O-O 6. Bd3 c5 7. Ngf3 Nc6 8. Ne5 Nd7 9. Qh5 f5 10. Nxd7 Bxd7 11. h4 b5 12. a3 a5 13. dxc5 e5 14. Bg5 Be8 15. Bxe7 Qxe7 16. Qg5 Qe6 {0-1 (30) Kamsky,G (2675)-Alekseenko,K (2635) St Petersburg 2018}) 5... Nbd7 6. g4 $146 {D00: 1 d4 d5: Unusual lines} ({Predecessor:} 6. h3 Nf8 7. Ngf3 Ng6 8. Bh2 O-O 9. O-O c5 10. c3 b6 11. a4 Bb7 12. Qb1 Nd7 {½-½ (38) Shen,Y (2465)-Kovanova,B (2367) Riadh 2017}) 6... h6 7. h4 c5 8. c3 {The position is equal.} c4 9. Bc2 b5 10. Qf3 Bb7 (10... g6 $11) 11. g5 $16 Ng8 12. Ne2 Qb6 13. a4 Qa6 (13... b4 $14) 14. Ng3 ({White should try} 14. b4 $16) 14... b4 $14 15. Nh5 g6 {[#]} 16. Ng7+ $1 Kf8 17. Bxg6 (17. h5 $1 $14 hxg5 18. hxg6 Rxh1+ 19. Qxh1) 17... Kxg7 18. gxh6+ Nxh6 $2 (18... Kf8 $11 {and Black has nothing to worry.} 19. Bxf7 Kxf7 20. Qh5+ Kf8) 19. Bxh6+ $18 Rxh6 20. Qxf7+ {[%mdl 64] [#] Double Attack} Kh8 {White must now prevent ...Qd6.} 21. Qxe7 {[%mdl 64] Double Attack} Rxg6 22. Qxd7 {Strongly threatening Qf7.} Rag8 $2 (22... Rg7 $16 {is a better defense.} 23. Qb5 bxc3) 23. Nf3 {aiming for Qc7.} bxc3 24. bxc3 $40 {[%mdl 128] White attacks with force.} Bc6 25. Qc7 R8g7 $2 (25... Qb7 26. Qxb7 Bxb7) 26. Qb8+ {White is clearly winning.} Rg8 27. Qe5+ R6g7 28. Ng5 {Intending Nf7+ and mate.} Qb7 29. Rg1 Re8 (29... Qc7 $142 30. Qxe6 Rg6 31. Qe5+ Qxe5 32. dxe5 Rf8) 30. h5 Kg8 31. h6 Rg6 32. Rg3 {Accuracy: White = 58%, Black = 31%.} 1-0